[Event "IECG TE.2008.P.02516 email"]
[Site "IECG email"]
[Date "2008.03.15"]
[Round "?"]
[White "Pfau, Matthias"]
[Black "Carpinter, Tony"]
[Result "0-1"]
[WhiteElo "2167"]
[BlackElo "1900"]
[PlyCount "36"]
[EventDate "2008.03.15"]
[EventType "tourn (corr)"]
[EventRounds "12"]
[SourceTitle "Corr 2024"]
[Source "ChessBase"]
[SourceDate "2023.10.19"]
[SourceVersion "1"]
[SourceVersionDate "2023.10.19"]
[SourceQuality "1"]

1. d4 d5 2. c4 c6 3. Nf3 Nf6 4. Nc3 e6 5. e3 Nbd7 6. Qc2 Bd6 7. Be2 0-0 8. 0-0 dxc4 9. Bxc4 b5 10. Bd3 Bb7 11. a3 Qe7 12. Bd2 Rfc8 13. e4 e5 14. Rad1 a6 15. Rfe1 c5 16. d5 c4 17. Be2 Ne8 18. Bg5 f6 0-1

[Event "IECG TE.2008.P.02516 email"]
[Site "IECG email"]
[Date "2008.03.15"]
[Round "?"]
[White "Tessieri, Franco"]
[Black "Pfau, Matthias"]
[Result "1-0"]
[WhiteElo "1624"]
[BlackElo "2167"]
[PlyCount "31"]
[EventDate "2008.03.15"]
[EventType "tourn (corr)"]
[EventRounds "12"]
[SourceTitle "Corr 2024"]
[Source "ChessBase"]
[SourceDate "2023.10.19"]
[SourceVersion "1"]
[SourceVersionDate "2023.10.19"]
[SourceQuality "1"]

1. d4 d5 2. c4 c6 3. Nc3 Nf6 4. e3 e6 5. Nf3 Nbd7 6. Qc2 Bd6 7. Bd3 0-0 8. 0-0 dxc4 9. Bxc4 e5 10. h3 Qe7 11. a3 e4 12. Ng5 Nb6 13. Ba2 Bf5 14. f3 Nbd5 15. Ncxe4 Kh8 16. Qf2 1-0

[Event "NRW Class2 0405"]
[Site "Germany"]
[Date "2004.11.21"]
[Round "3.7"]
[White "Weber, Franz Josef"]
[Black "Pfau, Matthias"]
[Result "1-0"]
[WhiteElo "2096"]
[BlackElo "2167"]
[PlyCount "47"]
[EventDate "2004.10.10"]
[EventType "team"]
[EventRounds "9"]
[EventCountry "GER"]
[SourceTitle "EXT 2006"]
[Source "ChessBase"]
[SourceDate "2005.11.24"]
[SourceVersion "1"]
[SourceVersionDate "2005.11.24"]
[SourceQuality "1"]
[WhiteTeam "Monheim"]
[BlackTeam "Katernberg II"]
[WhiteTeamCountry "GER"]
[BlackTeamCountry "GER"]

1. e4 e6 2. d3 d5 3. Nd2 Nf6 4. Ngf3 Be7 5. Qe2 b6 6. e5 Nfd7 7. g3 0-0 8. Bh3 c5 9. 0-0 Nc6 10. Re1 Re8 11. Nf1 Nf8 12. Bg2 Ng6 13. c4 Bd7 14. h4 h6 15. h5 Nf8 16. Ne3 Rc8 17. Ng4 Kh7 18. Bf4 Bg5 19. Bxg5 hxg5 20. Qd2 f6 21. h6 Nxe5 22. Nfxe5 fxe5 23. hxg7 Ng6 24. Nxe5 1-0

[Event "NRW Class1 0304"]
[Site "Germany"]
[Date "2004.01.11"]
[Round "5.7"]
[White "Heuermann, Heinz Burkhard"]
[Black "Pfau, Matthias"]
[Result "0-1"]
[WhiteElo "2035"]
[BlackElo "2173"]
[PlyCount "72"]
[EventDate "2003.09.28"]
[EventType "team"]
[EventRounds "9"]
[EventCountry "GER"]
[SourceTitle "CBM 098 Extra"]
[Source "ChessBase"]
[SourceDate "2004.03.10"]
[SourceVersion "2"]
[SourceVersionDate "2004.03.10"]
[SourceQuality "1"]
[WhiteTeam "Herford"]
[BlackTeam "Katernberg II"]
[WhiteTeamCountry "GER"]
[BlackTeamCountry "GER"]

1. c4 g6 2. Nc3 Bg7 3. g3 e5 4. Bg2 Ne7 5. e3 0-0 6. Nge2 c6 7. d4 d6 8. 0-0 Bg4 9. Qd2 Na6 10. h3 Be6 11. d5 cxd5 12. Nxd5 Nxd5 13. Bxd5 Bxh3 14. Bxb7 Bxf1 15. Kxf1 Nc5 16. Bxa8 Qxa8 17. Kg1 Qf3 18. Nc3 e4 19. Nd5 h5 20. Rb1 g5 21. b4 Nd3 22. Rb3 Be5 23. Rxd3 exd3 24. Bb2 Qe2 25. Bc1 Kg7 26. e4 f6 27. f4 Bd4+ 28. Ne3 Qxd2 29. Bxd2 gxf4 30. gxf4 Rc8 31. c5 dxc5 32. Kf1 Bxe3 33. Bxe3 cxb4 34. Ke1 Rc2 35. Bxa7 Rxa2 36. Bd4 Re2+ 0-1

[Event "NRW Class1 0304"]
[Site "Germany"]
[Date "2003.12.07"]
[Round "4.8"]
[White "Rosskothen, Arnd"]
[Black "Pfau, Matthias"]
[Result "0-1"]
[WhiteElo "2190"]
[BlackElo "2173"]
[PlyCount "84"]
[EventDate "2003.09.28"]
[EventType "team"]
[EventRounds "9"]
[EventCountry "GER"]
[SourceTitle "CBM 098 Extra"]
[Source "ChessBase"]
[SourceDate "2004.03.10"]
[SourceVersion "2"]
[SourceVersionDate "2004.03.10"]
[SourceQuality "1"]
[WhiteTeam "Koeln Brueck"]
[BlackTeam "Katernberg II"]
[WhiteTeamCountry "GER"]
[BlackTeamCountry "GER"]

1. e4 e6 2. d4 d5 3. Nd2 c5 4. exd5 exd5 5. Ngf3 Bd6 6. dxc5 Bxc5 7. Bb5+ Nc6 8. 0-0 Nge7 9. Nb3 Bd6 10. Nfd4 0-0 11. c3 Ne5 12. Bg5 Qc7 13. h3 f6 14. Be3 a6 15. Be2 Kh8 16. a4 Bd7 17. a5 Rae8 18. Nf3 Qc8 19. Re1 Bb8 20. Bf1 Bf5 21. Nc5 Qc7 22. g3 Qc8 23. Kh2 Nd7 24. Nd3 Be4 25. Nf4 Ne5 26. Bg2 Nc4 27. Qc1 Nxe3 28. Qxe3 Nf5 29. Qd2 Rd8 30. Nd4 Nxd4 31. cxd4 Bxg2 32. Kxg2 Rd6 33. Rac1 Rc6 34. Nxd5 Qd7 35. Ne3 Ba7 36. Rxc6 bxc6 37. Rd1 Rd8 38. Nc2 Qd5+ 39. Kh2 Re8 40. Ne3 Qf3 41. Qd3 Qxf2+ 42. Ng2 Re2 0-1